=LDR 00000nam 2200000 4500 =001 INLIS000000000024997 =005 20230220104148 =035 ##$$a 0010-061300000024997 =008 230220################g##########0#ind## =041 ##$$a Ind =082 ##$$a 627.092 =090 ##$$a 627.52, Hid h =245 ##$$a Hidrologi untuk pengairan, /$c Editor, Ir. Suyono Sosrodarsono =260 ##$$a Jakarta :$b Paradnya Paramita,$c 2006 =300 ##$$a viii, 226 hlm, : $b ilus ; $c 21 cm =650 #4$$a Hidrologi =850 ##$$a NBPNMAT =020 ##$$a 979-408-108-6 =084 ##$$a 627.092 HID h =700 #$$a Sosrodarsono, Suyono =990 ##$$a 20707268 =990 ##$$a 0001/BPAP-NTB/20142015 =990 ##$$a 20707270 =990 ##$$a 20707268 =990 ##$$a 20601206 =990 ##$$a 20707268